Para comprender el catolicismo popular

সংরক্ষণ করুন:
গ্রন্থ-পঞ্জীর বিবরন
প্রধান লেখক: Maldonado Arenas, Luis (autor)
বিন্যাস: গ্রন্থ
ভাষা:স্প্যানিশ
প্রকাশিত: Estella Verbo Divino 1990
বিষয়গুলি:
ট্যাগগুলো: ট্যাগ যুক্ত করুন
কোনো ট্যাগ নেই, প্রথমজন হিসাবে ট্যাগ করুন!

MARC

LEADER 00000nam a2200000 a 4500
001 UCX4579
003 CL-VaPUC
008 920615e19900000SP |||||||||||||||||spa|d
020 |a 8471516454 
082 0 4 |a 248.4  |b MAL  |2 21 
100 |a Maldonado Arenas, Luis  |e autor  |9 867548 
245 1 0 |a Para comprender el catolicismo popular 
300 |a 147 p 
942 |c BK 
945 |d 19920615 00:00:00 
260 |a Estella  |b Verbo Divino  |c 1990 
650 0 |a Devociones populares  |9 320778 
650 7 |a CATOLICIDAD  |2 CL-VaPUC  |9 319321 
583 |a last modification  |c 19920615 00:00:00  |k Rodrigo Vera 
999 |c 225010  |d 225008 
952 |0 0  |1 0  |4 0  |6 248_400000000000000_MAL_1990  |7 0  |8 A  |9 222157  |a BIBTEO  |b BIBTEO  |d 2019-11-15  |i 2909987  |o 248.4 MAL 1990  |p 2909987  |r 2025-01-17  |w 2019-11-15  |y BK  |k ICR 
952 |0 0  |1 0  |4 0  |6 248_400000000000000_MAL_1990  |7 0  |8 A  |9 222158  |a BIBTEO  |b BIBTEO  |d 2019-11-15  |i 4265491  |o 248.4 MAL 1990  |p 4265491  |r 2025-01-17  |w 2019-11-15  |y BK  |k ICR